Семантическая интерпретация древнеанглийских существительных с основообразующим формантом -s- в сопоставлении с латинским и старославянским языками: монография

Dades bibliogràfiques
Autor principal: Коваленко Н. С. Надежда Сергеевна
Autor corporatiu: Национальный исследовательский Томский политехнический университет (ТПУ)
Sumari:Заглавие с титульного экрана
Монография посвящена сравнительно-историческому изучению принципов семантической интерпретации древнеанглийских существительных с основообразующим формантом -s- в сопоставлении с существительными с основой на -s- в латинском и старославянском языках. На основе комплексного анализа устанавливается, что древний консонантный основообразующий формант -s- маркировал имена с одушевленной активной семантикой. Предназначена для преподавателей, студентов и аспирантов филологических факультетов, а также специалистов в области общего, сравнительно-исторического и сопоставительного языкознания.
Режим доступа: из корпоративной сети ТПУ
Idioma:rus
Publicat: Томск, Изд-во ТПУ, 2011
Matèries:
Accés en línia:http://www.lib.tpu.ru/fulltext2/m/2012/m41.pdf
Format: MixedMaterials Electrònic Llibre
KOHA link:https://koha.lib.tpu.ru/cgi-bin/koha/opac-detail.pl?biblionumber=209532

MARC

LEADER 00000nlm0a2200000 4500
001 209532
005 20231101225540.0
035 |a (RuTPU)RU\TPU\book\228866 
035 |a RU\TPU\book\222234 
090 |a 209532 
100 |a 20120213d2011 k y0rusy50 ca 
101 0 |a rus 
102 |a RU 
105 |a a j 001zy 
135 |a drcn ---uucaa 
181 0 |a i  
182 0 |a b 
200 1 |a Семантическая интерпретация древнеанглийских существительных с основообразующим формантом -s- в сопоставлении с латинским и старославянским языками  |b Электронный ресурс  |e монография  |f Н. С. Коваленко  |g Национальный исследовательский Томский политехнический университет (ТПУ) 
203 |a Текст  |c электронный 
210 |a Томск  |c Изд-во ТПУ  |d 2011 
230 |a 1 компьютерный файл (pdf; 2.27 MB) 
300 |a Заглавие с титульного экрана 
330 |a Монография посвящена сравнительно-историческому изучению принципов семантической интерпретации древнеанглийских существительных с основообразующим формантом -s- в сопоставлении с существительными с основой на -s- в латинском и старославянском языках. На основе комплексного анализа устанавливается, что древний консонантный основообразующий формант -s- маркировал имена с одушевленной активной семантикой. Предназначена для преподавателей, студентов и аспирантов филологических факультетов, а также специалистов в области общего, сравнительно-исторического и сопоставительного языкознания. 
333 |a Режим доступа: из корпоративной сети ТПУ 
337 |a Adobe Reader 
606 1 |a Английский язык  |x Семантика  |2 stltpush  |3 (RuTPU)RU\TPU\subj\29058  |9 52470 
610 1 |a электронный ресурс 
610 1 |a труды учёных ТПУ 
610 1 |a монография 
610 1 |a семантика 
610 1 |a форматы 
610 1 |a латинский язык 
610 1 |a старославянский язык 
610 1 |a древнеанглийский язык 
610 1 |a существительные 
610 1 |a интерпретация 
610 1 |a имена собственные 
610 1 |a филология 
610 1 |a языкознание 
686 |a Ш143.21-32  |v LBC/SL-A  |2 rubbk 
700 1 |a Коваленко  |b Н. С.  |c лингвист  |c доцент Томского политехнического университета, кандидат филологических наук  |f 1981-  |g Надежда Сергеевна  |2 stltpush  |3 (RuTPU)RU\TPU\pers\31058 
712 0 2 |a Национальный исследовательский Томский политехнический университет (ТПУ)  |c (2009- )  |2 stltpush  |3 (RuTPU)RU\TPU\col\15902 
801 1 |a RU  |b 63413507  |c 20111114 
801 2 |a RU  |b 63413507  |c 20161006  |g RCR 
856 4 |u http://www.lib.tpu.ru/fulltext2/m/2012/m41.pdf 
942 |c CF